MDQL
is popping MORE tags! Check the
thread
!
Quizzes
Events
Quiz Creation
Community
Videos
Private Events
Remove Ads
Sign In
Join for FREE
Feedback
Dark Mode
Quiz Categories
Sports
Geography
Music
Movies
Television
Just For Fun
Miscellaneous
History
Literature
Language
Science
Gaming
Entertainment
Religion
Holiday
For Kids
Quiz Lab
Recent
Popular Today
Quiz Kudos Today
Editor Picks
Curator Picks
Quizzes by...
Day
Popularity
Type
Ratings
Length
Year
Community
Subscriptions
Recent Discussions
Orange Saloon
Badges
Playlists
Quests
Create
Leaderboards
Showdown
Live 5
Trivia Bingo
Activity
Puzzle Library
Sporcle Events
Private Events
Virtual Trivia
Globe League
Become a Host
Pub Owners
SporcleCon
Opinionation
Our Games
Videos
Blog
Mobile Apps
Partnerships
Remove Ads and Go Orange
Feedback
Television
TV Characters
TV Show
Sitcom
Network
Friends
Reality Shows
Cast
South Park
Star Trek
The Simpsons
Doctor Who
Television
TV Characters
TV Show
Sitcom
Network
Friends
Reality Shows
Cast
South Park
Star Trek
The Simpsons
Doctor Who
Random Quiz
Search Sporcle
×
Quiz Lab
Quiz Lab
Television
Anime
Type in answers that appear in a list
Type in answers that appear in a list
Classic
Best Score? Go Orange.
Colored hair one piece characters Stats
Can you name the one piece characters with Colored hair ?
By
leami
10m
90 Questions
1,296 Plays
1,296 Plays
1,296 Plays
Comments
Comments
Give Quiz Kudos
Give Quiz Kudos
-
- Ratings
hide this ad
Replay
Link that replays current quiz
Next Quiz
Link to next quiz in quiz playlist
You Got
0%
They Got
Avg Score
22%
Avg Friend Score
Upgrade to see
Score Distribution
Jump to the score distribution portion of the page
Score
0/90
Timer
10:00
1
Play Today
Hint
Answer
% Correct
Orange
Nami
92.2%
Green
Roronoa Zoro
92.1%
Red
Red haired Shanks
81.1%
Blue
Franky (Cutty Flam)
74%
Blue
Vivi Nefeltari
66.1%
Pink
Charlotte Linlin
63.6%
Pink
Coby
58.9%
Pink
'Mermaid Princess' Shirahoshi
58.3%
Pink
'Phantom Princess' Rebecca
58%
Pink
Vinsmoke 'Poison Pink' Reiju
57.3%
Pink
'Ghost Princess' Perona
55.6%
Red
Eustass 'Captain' Kid
52.5%
Blue
Buggy The Clown
51.6%
Blue
Nojiko
49.9%
Green
Vinsmoke 'Winch Green' Yonji
48.6%
Blue
Vinsmoke 'Electric Blue' Niji
48.1%
Red
Vinsmoke 'Sparking Red' Ichiji
48%
Green
Bartolomeo the Cannibal
42.6%
Green
Monet
42.2%
Blue
Iceburg
41.5%
Pink
'Black Cage' Hina
39.3%
Pink
Charlotte Lola
38.7%
Purple
Emporio Ivankov
37.9%
Green
Camie
36.3%
Purple
Charlotte Cracker
35.4%
Pink
'Big Eater' Jewelry Bonney
33.8%
Green
Sugar
32.1%
Pink
Charlotte Chiffon
31.7%
Orange
King Neptune
31.4%
Orange
Curly Dadan
30.9%
Hint
Answer
% Correct
Green
Boa Sandersonia
30.3%
Orange
Boa Marigold
29.2%
Blue
Fukaboshi
28.5%
Pink
Scarlett
28.1%
Purple
Charlotte Brûlée
27.6%
Purple
Tama
25.6%
Green
Kozuki Hiyori
25.4%
Pink
'Double Ironfist' Fullbody
25%
Green
Kokoro
23.8%
Orange
Koala
23.7%
Pink
Kumadori
23.5%
Red
Gekko Moriah
23%
Purple
Wapol
21.2%
Orange
X Drake
21.2%
Pink
Ryuboshi
20.8%
Green
Fukuro
20.8%
Red
'Evening Shower' Kanjuro
20.5%
Green
Cabaji the Acrobat
17.7%
Pink
Ashura Doji
17.1%
Pink
Toko
17.1%
Orange
Sadi
14.1%
Blue
Blue Gilly
12.8%
Purple
Jesus 'Champion' Burgess
12.8%
Blue
Gladius
11.8%
Blue
Charlotte Amande
11.7%
Pink
Charlotte Galette
11.7%
Pink
Pound
10.7%
Blue
'Ice Witch' Whitey Bay
10.1%
Purple
Kurozumi Orochi
10%
Red
Calgara
9.7%
Hint
Answer
% Correct
Green
Sham
9.6%
Orange
Boo
9.1%
Purple
Belo Betty
9%
Green
Charlotte Compote
7.3%
Orange
Aphelandra
7.1%
Pink
Squard
6.3%
Purple
Cotton
4.7%
Orange
Daisy
4.4%
Purple
Charlotte Custard
3.9%
Blue
Charlotte Mondée
3.7%
Purple
Charlotte Newshi
3.2%
Purple
Charlotte Angel
2.9%
Pink
Charlotte Broyé
2.9%
Pink
Charlotte Poire
2.7%
Purple
Charlotte Newji
2.7%
Purple
Charlotte Newsan
2.7%
Purple
Charlotte Newgo
2.7%
Pink
Charlotte Anana
2.7%
Purple
Charlotte Newichi
2.4%
Blue
Charlotte Effilée
2.2%
Pink
Charlotte Marble
2.2%
Blue
Charlotte Myukuru
2.2%
Red
Charlotte Cinnamon
2.2%
Purple
Charlotte Marnier
2%
Pink
Charlotte Brownie
2%
Blue
Charlotte Joscarpone
2%
Pink
Ginrummy
1.7%
Orange
Charlotte Citron
1.5%
Green
Solitaire
1%
Purple
Sarahebi
0.7%
Quiz Playlist
Details
Report
Send in Message
Add To Playlist
Classic:
Type in answers that appear in a list
Last Updated: Oct 12, 2020
Quiz Scoreboard
CHALLENGE
Sign Up to Join the Scoreboard
Show All
Scores
Hide
Comments
May contain spoilers
Recently Published
1-10 Letter E Words III
by El_Dandy
Language
2m
Street Fighter Characters
by Artimus82
Gaming
60s
College Basketball Coaching Resumes
by pancakes188
Sports
9m
More to Explore
Quiz From the Vault
Featured Blog Post
Where Did the Easter Bunny Come From?
hide this ad
You Might Also Like...
Tags
Anime Quiz
Animated Series
Anime Characters
Anime Series
Character
Fictional Characters
hair
Luffy
One Piece
piece
Supporting Characters
Today's Top Quizzes in Television
Browse Television
hide this ad
Today's Top Quizzes in Anime
Browse Anime
Top Contributed Quizzes in Television
1
Survivor Journey Challenge
2
Adjectives in 80s TV Shows
3
Adjectives in 00s TV Shows
4
5-to-1: The Simpsons Families
5
5-to-1: Television Doctors
6
Adjectives in 10s TV Shows
7
7-to-1: TV Show Settings
8
Adjectives in 70s TV Shows
9
5-to-1: Streaming Originals
10
Survivor Seasons
Explore More
Trending Topics
Harry Potter
Kpop
Disney
Marvel
Crossword
Anime
NBA
The Office
Soccer
NFL
Country
Pokémon
Song
WWE
Puzzle
hide this ad
More By:
leami
Quiz
Plays
Rating
Category
Featured
Created
akatsuki partners
4,455
3.33
Television
Jun 1, 2017
Sensei-Student
4,038
4.29
Television
Jun 17, 2017
can you name the ninjas given the summon
2,194
5.00
Television
Jun 17, 2017
can you name the students of the sanins
1,965
4.25
Television
May 31, 2017
can you name the family members for one piece
1,634
4.50
Television
Jun 15, 2017
Go to Creator's Profile
Score Distribution
Quiz Creator Spotlight
leami
Follow
Send a Message
Quizzes Created
-
Created Quiz Play Count
-
More By This Creator
Popular Quizzes Today
1
Find the US States - No Outlines Minefield
2
Find the Countries of Europe - No Outlines Minefield
3
The Countries of the World
4
Find the US States
5
Risky Map Clicking: Biggest States A-Z
6
US States
7
Popular People in 1961
8
Movies - When Are They Set?
More Television Quizzes
The Amazing Fawlty Towers Quiz
Quiz Lab
Trending Quizzes
Risky Map Clicking: Least Populous States A-Z
1-10 Letter G Words
1-10 Letter F Words
Countries of the World: 200 Million BC
Risky Map Clicking: Next State Alphabetically
Recently Updated
Beyoncé Albums
pecheneg
Leaping Animals
pecheneg
Reality TV Shows (A-Z)
bhenderson79
Rickey Henderson's Hall of Fame Teammates
pecheneg
Champions League XIs: Arsenal
pecheneg
Quick Pick: Celebrities in WWE's Hall of Fame
aduchscher
A-Z Keypad Blitz II
pecheneg
Multiple Oscar Actors
pecheneg
Mystery Phrase Blitz: Oscar 'Best Actors'
pecheneg
F. Scott Fitzgerald Novels
LTH
Trending Topics
Disney
Anime
NBA
Harry Potter
Marvel
Crossword
Kpop
Song
NFL
WWE
Country
Soccer
Pokémon
The Office
Puzzle
Your Account Isn't Verified!
In order to create a playlist on Sporcle, you need to verify the email address you used during registration. Go to your
Sporcle Settings
to finish the process.
Report this User
Report this user for behavior that violates our
Community Guidelines
.
Details:
Send Report
Go to the Sporcle.com Mobile Site →
Comments